| 000 | 00586nam a22002057a 4500 | ||
|---|---|---|---|
| 001 | 00006508 | ||
| 003 | DO-SdBNP | ||
| 005 | 20160608092830.0 | ||
| 007 | 00006508 | ||
| 008 | 160608b 1998 nyu xxu||||| |||| 00| 0 spa d | ||
| 020 | _a0590510754 | ||
| 040 |
_aBPMSU _bspa _cBPMSU |
||
| 092 |
_axxxxx _bxxxxx |
||
| 245 | 1 | 0 |
_aPortraits of Little women. Meg's story / _cSusan Beth Pfeffer. |
| 260 |
_aNew York : _bScholastic, _c1998. |
||
| 300 |
_a81 p. : _bil. ; _c19 cm. |
||
| 830 | _pPortraits of little women. | ||
| 942 |
_2ddc _cBK |
||
| 956 |
_2LOPEREZ _310 _620160608 _8BPMSU _a00041 |
||
| 999 |
_c10302 _d10302 |
||